| 000 | 00491nam a2200181Ia 4500 | ||
|---|---|---|---|
| 005 | 20250508151137.0 | ||
| 008 | 008 250505s9999 xx 000 0 eng d | ||
| 037 | _aTextual | ||
| 040 |
_aFEDL _beng _cFEDL |
||
| 041 |
_aeng _2eng |
||
| 084 |
_a371.93, ING _qFEDL |
||
| 100 |
_aIngram Charistine P _9758521 |
||
| 245 | 0 | _aEducation in training schools for delinquent youth | |
| 260 | _c1945 | ||
| 300 | _a93p. | ||
| 942 |
_cTEXL _h371.93, ING |
||
| 999 |
_c1327859 _d1327859 |
||